Central Library OPAC University of Rajshahi

College mathematics / (Record no. 6192)

MARC details
000 -LEADER
fixed length control field 00789nam a2200253 4500
001 - CONTROL NUMBER
control field 6192
003 - CONTROL NUMBER IDENTIFIER
rucl marc code BD-RjUL
005 - DATE AND TIME OF LATEST TRANSACTION
control field 20211208234213.0
008 - FIXED-LENGTH DATA ELEMENTS--GENERAL INFORMATION
fixed length control field 140109s1958 nyna|||| |||| 001 0 eng d
035 ## - SYSTEM CONTROL NUMBER
System control number (BD-RjUL)6231
-- (OCoLC)8989311
040 ## - CATALOGING SOURCE
Original cataloging agency BD-RjUL
Language of cataloging eng
Transcribing agency BD-RjUL
041 ## - LANGUAGE CODE
Language code of text/sound track or separate title eng
082 04 - DEWEY DECIMAL CLASSIFICATION NUMBER
Classification number 510
Author mark and year NIC 1958
100 1# - MAIN ENTRY--PERSONAL NAME
Personal name Nielsen, Kaj L.
9 (RLIN) 19472
245 1# - TITLE STATEMENT
Title College mathematics /
Statement of responsibility, etc. Kaj L. Nielsen
260 ## - PUBLICATION, DISTRIBUTION, ETC. (IMPRINT)
Place of publication, distribution, etc. New York :
Name of publisher, distributor, etc. Barnes & Noble,
Date of publication, distribution, etc. 1958.
300 ## - PHYSICAL DESCRIPTION
Pagination 302 p. :
Illustrations illus. ;
Size 21 cm.
490 ## - SERIES STATEMENT
Series statement College outline series,
Volume/sequential designation 105.
504 ## - BIBLIOGRAPHY, ETC. NOTE
Bibliography, etc Includes index.
650 ## - SUBJECT ADDED ENTRY--TOPICAL TERM
Topical term or geographic name as entry element Mathematics.
9 (RLIN) 19473
Topical term or geographic name as entry element Mathématiques.
9 (RLIN) 983
856 ## - ELECTRONIC LOCATION AND ACCESS
Materials specified WorldCat
Uniform Resource Identifier <a href="http://www.worldcat.org/title/college-mathematics/oclc/8989311&referer=brief_results">http://www.worldcat.org/title/college-mathematics/oclc/8989311&referer=brief_results</a>
942 ## - ADDED ENTRY ELEMENTS (KOHA)
Source of classification or shelving scheme Dewey Decimal Classification
Koha item type Books
Holdings
Lost status Source of classification or shelving scheme Damaged status Not for loan Collection code Permanent Location Current Location Shelving location Date acquired Source of acquisition Total Checkouts Full call number Date last seen Copy number Koha item type
  Dewey Decimal Classification     Non-fiction Central Library, University of Rajshahi Central Library, University of Rajshahi   25/07/2062 Asia Foundation   510 NIC 1958 09/01/2014 C-2 Books